000 01473nam a2200361 i 4500
001 59292
003 CO-BoRNBP
005 20250930220401.0
007 ta
008 250728s2024 ck a ar 000 jdspa
020 _a9789583069376
040 _aCO-BoBN
_bspa
_erda
_cCO-BoBN
041 0 _aspa
043 _as-ck---
082 0 4 _aCo863.5
_223
100 1 _aRueda, Claudia,
_eautora,
_eilustradora
245 1 0 _aLo más especial /
_cClaudia Rueda
250 _aEdición especial
264 1 _aBogotá :
_bPanamericana Editorial,
_c2024
300 _a28 páginas :
_bilustraciones a color ;
_c23 cm
336 _aTexto
_btxt
_2rdacontent
337 _aSin mediación
_bn
_2rdamedia
338 _aVolumen
_bnc
_2rdacarrier
490 0 _aPlan Nacional de Lectura, Escritura, Oralidad y Bibliotecas Leo la Vida / Ministerio de las Culturas, las Artes y los Saberes
500 _aIncluye datos curriculares de la autora
500 _aColección de actualización bibliográfica para la Red Nacional de Bibliotecas Públicas del Ministerio de las Culturas, las Artes y los Saberes, en el marco del Plan Nacional de Lectura, Escritura, Oralidad y Bibliotecas "Leo la Vida", 2024
521 1 _aPara niños de 0–7 años
650 1 4 _aCuentos infantiles colombianos
_ySiglo XXI
_2LEMB
_9965
650 2 4 _aMadre e hijo
_vCuentos
_2LEMB
_9744
650 2 4 _aLibros ilustrados para niños
_2LEMB
_92001
942 _2ddc
_cBK
990 _a2025-6783
_bPanamericana Editorial Ltda.
999 _c59292
_d59292